[Event "Sharjah Cup (Women) 10th"]
[Site "Sharjah"]
[Date "2020.01.08"]
[Round "6"]
[White "Shanya, Mishra"]
[Black "Fatima, Al Wahabi"]
[Result "1-0"]
[WhiteElo "1907"]
[BlackElo "1386"]
[PlyCount "49"]
[EventDate "2020.01.04"]
[EventType "swiss"]
[EventRounds "9"]
[EventCountry "UAE"]
[SourceTitle "CBM 194 Extra"]
[Source "ChessBase"]
[SourceDate "2020.03.31"]
[SourceVersion "1"]
[SourceVersionDate "2020.03.31"]
[SourceQuality "1"]

1. d4 Nf6 2. c4 e6 3. g3 d5 4. Bg2 dxc4 5. Nf3 Bb4+ 6. Bd2 a5 7. Qc2 Bxd2+ 8. Nbxd2 b5 9. a4 c6 10. Ne5 Nd5 11. Ne4 f6 12. Nf3 Nd7 13. axb5 N7b6 14. bxc6 Nb4 15. Qd2 Nxc6 16. Nc5 Bd7 17. 0-0 Qc7 18. Bh3 f5 19. Qe3 Qc8 20. Nxd7 Qxd7 21. Bxf5 Nd8 22. Ng5 0-0 23. Bxh7+ Kh8 24. Bg6 Rf6 25. Qe4 1-0